| 000 | 01089nam a2200217 a 4500 | ||
|---|---|---|---|
| 001 | 000738192 | ||
| 003 | AM-YEHGA | ||
| 005 | 20250617160734.0 | ||
| 008 | 100524s1961 ru |||||r|||||000|0|rus|d | ||
| 040 | _aAM-YeHGA | ||
| 041 | 0 | _arus | |
| 100 | 1 | _aОрлов, Владимир Владимирович | |
| 245 | 1 | 0 |
_aПлетизмография (методы и применение в экспериментальных и клинических исследованиях / _cВ.В. Орлов ; Отв. ред. Г.П. Конради ; Институт физиологии им. И.П. Павлова АН СССР. |
| 260 |
_aМосква, _aЛенинград : _bИзд-во АН СССР, _c1961. |
||
| 300 |
_a255 с. : _bил., табл. ; _c23 см. |
||
| 504 | _aБиблиогр.: с. 217-252 | ||
| 650 | 1 | 4 |
_aПлетизмография _xМетоды _xДиагностическое применение |
| 700 | 1 |
_aКонради, Г.П. _eред. _4edt |
|
| 710 | 2 | _aИнститут физиологии им. И.П. Павлова АН СССР | |
| 090 | _c462576 | ||
| 999 |
_c459505 _d459505 |
||